Dinakar ke praband kavya: (Record no. 10910)

000 -LEADER
fixed length control field 00373nam a22001451a 4500
082 ## - DEWEY DECIMAL CLASSIFICATION NUMBER
Classification number H1007
Item number RPS/D
100 ## - MAIN ENTRY--AUTHOR NAME
Personal name R P S Chouhan
245 ## - TITLE STATEMENT
Title Dinakar ke praband kavya:
Sub Title lok tatva evam silp/
Statement of responsibility, etc by R P S Chouhan
260 ## - PUBLICATION, DISTRIBUTION, ETC. (IMPRINT)
Place of publication Meerut:
Name of publisher Salabh,
Year of publication 2001.
300 ## - PHYSICAL DESCRIPTION
Number of Pages 180p.
650 ## - SUBJECT ADDED ENTRY--TOPICAL TERM
Topical Term Poetry Hindi Study
650 ## - SUBJECT ADDED ENTRY--TOPICAL TERM
Topical Term Literature Hindi
650 ## - SUBJECT ADDED ENTRY--TOPICAL TERM
Topical Term Literature
942 ## - ADDED ENTRY ELEMENTS (KOHA)
Koha item type Book
Holdings
Withdrawn status Lost status Damaged status Not for loan Permanent Location Current Location Shelving location Date acquired Cost, normal purchase price Full call number Accession Number Cost, replacement price Price effective from Koha item type
        Sree Sankaracharya University of Sanskrit Sree Sankaracharya University of Sanskrit Stacks 08.01.2015 400.00 H1007 RPS/D 038792 0.00 08.01.2015 Book